| 000 | 01710nam a22002417a 4500 | ||
|---|---|---|---|
| 001 | 7559 | ||
| 003 | FISKH | ||
| 005 | 20250724095908.0 | ||
| 008 | 250724b cb ||||| |||| 00| 0 eng d | ||
| 020 | _a9780743275248 | ||
| 040 |
_aFISKH _beng _cFISKH _dFISKH |
||
| 050 | _aRJ216.K367 | ||
| 082 | _a641.5622 | ||
| 100 | _aKarmel, Annabel | ||
| 245 |
_aSuper foods for babies and children / _cAnnabel Karmel |
||
| 250 | _aThis edition published in 2006. | ||
| 260 |
_aNew York : _bSimon & Schuster, _c2001 |
||
| 300 |
_a192 pages : _bcolor illustrations ; _c24 cm |
||
| 520 | _aEvery parent wants the best for their child, to give them the perfect start in life, and that includes their diet and the food they eat. Annabel Karmel understands this better than most - as a trained cook and the mother of three growing children she not only knows what kids should eat but also knows what they will eat. In SuperFoods for Babies and Toddlers, Annabel takes you through your child's first 5 years from weaning babies and feeding whilst teething through fussy toddlers to lunchboxes for school children. As well as discussing the issues of organic versus genetically modified foods, fresh versus convenience, Annabel explains the inherent qualities of certain foods and how they will benefit your child, whether they be foods to promote growth, enhance concentration or boost energy. With extra information on food allergies and intolerances, tips on feeding a vegetarian child and several of Annabel's celebrated meal planners, SuperFoods for Babies and Toddlers is an indispensable guide to nutrition for young children. | ||
| 650 |
_aCookbook _vNutrition _xParenting |
||
| 942 |
_2ddc _cBK _n0 |
||
| 999 |
_c7559 _d7559 |
||